[Event "4th Al Ain Chess Classic"]
[Site "Al-Ain UAE"]
[Date "2015.12.24"]
[Round "2.36"]
[White "Mammadova, Narmin"]
[Black "Hesham, Abdelrahman"]
[Result "1-0"]
[WhiteTitle "WCM"]
[BlackTitle "IM"]
[WhiteElo "2167"]
[BlackElo "2398"]
[WhiteFideId "13403710"]
[BlackFideId "10600183"]
[EventDate "2015.12.23"]

1. e4 c5 2. c3 Nf6 3. e5 Nd5 4. Nf3 Nc6 5. Bc4 Nb6 6. Bb3 d5 7. exd6 Qxd6 8. O-O
c4 9. Bc2 Bg4 10. h3 Bh5 11. Re1 O-O-O 12. Be4 e6 13. Na3 f5 14. Nb5 Qd7 15.
Bxc6 bxc6 16. Nbd4 Re8 17. Qc2 Bxf3 18. Nxf3 Bd6 19. b3 g5 20. bxc4 g4 21. hxg4
Qg7 22. g5 h6 23. c5 hxg5 24. cxd6 g4 25. Ne5 g3 26. d4 Rh4 27. Nf3 Rg4 28. fxg3
Rxg3 29. Qf2 Rh8 30. Bg5 Rxg5 31. Nxg5 Qxg5 32. Qf3 Kd7 33. Qe3 Qg6 34. Rab1 Rh4
35. a4 f4 36. Qf3 Qh6 37. a5 Nc4 38. Rb7+ Kxd6 39. Kf2 Rh2 40. Re4 Rh4 41. d5
exd5 42. Rxc4 dxc4 43. Qd1+ Ke6 44. Qd7+ Ke5 45. Qd4+ Ke6 46. Qe4+ Kf6 47. Qxc6+ 1-0

[Event "4th Al Ain Chess Classic"]
[Site "Al-Ain UAE"]
[Date "2015.12.24"]
[Round "2.37"]
[White "Prathamesh, Sunil Mokal"]
[Black "Jayakumaar S"]
[Result "0-1"]
[WhiteTitle "IM"]
[WhiteElo "2393"]
[BlackElo "2169"]
[WhiteFideId "5006040"]
[BlackFideId "5090997"]
[EventDate "2015.12.23"]

1. e4 e5 2. Nf3 Nc6 3. Bb5 a6 4. Ba4 Nf6 5. O-O Be7 6. Re1 b5 7. Bb3 d6 8. c3
O-O 9. d4 Bg4 10. d5 Nb8 11. h3 Bc8 12. a4 Bb7 13. c4 bxc4 14. Bxc4 Nbd7 15. Nc3
c6 16. a5 cxd5 17. exd5 Rc8 18. Qe2 Rc7 19. Bxa6 Nxd5 20. Bxb7 Nxc3 21. Qd3 Rxb7
22. Qxc3 Qa8 23. b4 d5 24. Ba3 e4 25. Nd4 Bf6 26. Rad1 Ne5 27. Qb3 Rd8 28. Re2
Qa6 29. Rc2 Nd3 30. b5 Bxd4 31. Qxd5 Qf6 32. Qxb7 Bxf2+ 33. Kh1 Bg3 34. Qc8 h5
35. Bb2 Kh7 36. Rg1 Rxc8 0-1

[Event "4th Al Ain Chess Classic"]
[Site "Al-Ain UAE"]
[Date "2015.12.24"]
[Round "2.38"]
[White "Khalafova, Narmin"]
[Black "Anurag, Mhamal"]
[Result "1/2-1/2"]
[WhiteTitle "WIM"]
[BlackTitle "IM"]
[WhiteElo "2138"]
[BlackElo "2390"]
[WhiteFideId "13402625"]
[BlackFideId "5024366"]
[EventDate "2015.12.23"]

1. e4 g6 2. d4 Bg7 3. Nf3 d6 4. Nc3 c6 5. a4 Nf6 6. Be2 O-O 7. O-O Qc7 8. h3 e5
9. dxe5 dxe5 10. Be3 Nh5 11. a5 Nf4 12. Qc1 Nxe2+ 13. Nxe2 f5 14. Bc5 Rf6 15.
Qe3 f4 16. Qc3 Na6 17. Ba3 Bd7 18. Qxe5 Re8 19. Qxc7 Nxc7 20. Rfd1 Bc8 21. Bd6
Nb5 22. Be5 Rf7 23. Bxg7 Kxg7 24. e5 Be6 25. Ng5 Rf5 26. Nxe6+ Rxe6 27. Rd7+ Rf7
28. Rxf7+ Kxf7 29. Nxf4 Rxe5 30. h4 Nd4 31. c3 Nb3 32. Ra3 Re1+ 33. Kh2 Nd2 34.
Ra4 Nb3 35. Rb4 Nxa5 36. Ra4 b6 37. b4 Re4 38. Nh3 Rxh4 39. Ra3 Nc4 40. Rxa7+
Ke6 41. Kg3 Rh6 42. Rxh7 Rxh7 43. Ng5+ Kf5 44. Nxh7 Nd6 1/2-1/2

[Event "4th Al Ain Chess Classic"]
[Site "Al-Ain UAE"]
[Date "2015.12.24"]
[Round "2.39"]
[White "Visakh N R"]
[Black "Pujari, Rucha"]
[Result "1-0"]
[WhiteTitle "IM"]
[BlackTitle "WFM"]
[WhiteElo "2388"]
[BlackElo "2158"]
[WhiteFideId "25012223"]
[BlackFideId "5024528"]
[EventDate "2015.12.23"]

1. Nf3 d5 2. b3 Nf6 3. g3 Bg4 4. Bg2 Bxf3 5. Bxf3 e5 6. Bb2 e4 7. Bg2 Bc5 8. O-O
O-O 9. c4 c6 10. d4 exd3 11. Qxd3 dxc4 12. Qxc4 Nbd7 13. Nc3 Qe7 14. Ne4 Nxe4
15. Bxe4 Rfe8 16. Bf5 Ne5 17. Qc3 Bb6 18. Rad1 Qg5 19. Bh3 Ng4 20. Qf3 Ne5 21.
Qf5 Qxf5 22. Bxf5 f6 23. Kg2 Rad8 24. h3 Kf7 25. Bc2 a5 26. Bc3 Rxd1 27. Rxd1
Rd8 28. Rxd8 Bxd8 29. Bf5 h6 30. Bc8 b6 31. f4 Ng6 32. Bd7 c5 33. Kf3 Ke7 34.
Bb5 Nf8 35. Ke4 Kd6 36. h4 Ne6 37. Bc4 g6 38. f5 gxf5+ 39. Kxf5 Nd4+ 40. Kg6 Ke5
41. e3 Ke4 42. exd4 cxd4 43. Bd2 Bc7 44. g4 Bg3 45. h5 Kf3 46. Bxh6 Kxg4 47.
Be2+ Kh3 48. Bd2 Be5 49. Kf5 1-0

[Event "4th Al Ain Chess Classic"]
[Site "Al-Ain UAE"]
[Date "2015.12.24"]
[Round "2.40"]
[White "Hakobyan, Hovhannes H."]
[Black "Kokol, Peter"]
[Result "0-1"]
[BlackTitle "FM"]
[WhiteElo "2112"]
[BlackElo "2363"]
[WhiteFideId "13306308"]
[BlackFideId "14604523"]
[EventDate "2015.12.23"]

1. e4 c5 2. Nf3 e6 3. Nc3 a6 4. d4 cxd4 5. Nxd4 b5 6. Bd3 Bc5 7. Be3 Qb6 8. Nce2
Nf6 9. c3 Ng4 10. Bc1 e5 11. O-O exd4 12. cxd4 Be7 13. Nf4 d6 14. h3 Nh6 15. Nd5
Qd8 16. e5 Be6 17. Qf3 Ra7 18. Nxe7 Rxe7 19. Qg3 Kf8 20. Bg5 d5 21. Rac1 Ng8 22.
f4 f6 23. f5 Bd7 24. Bf4 Nc6 25. e6 Be8 26. Bd6 Nxd4 27. Rc7 Nc6 28. Rc1 Ne5 29.
Bb4 g5 30. Qe3 Nc4 31. Qa7 a5 32. Bxe7+ Nxe7 33. b3 Ne5 34. Bxb5 Bxb5 35. Rxe7
Qxe7 36. Rc7 Nd7 37. exd7 Qe1+ 38. Kh2 Qe5+ 39. Kh1 Qe1+ 40. Qg1 Qxg1+ 41. Kxg1
Ke7 0-1

[Event "4th Al Ain Chess Classic"]
[Site "Al-Ain UAE"]
[Date "2015.12.24"]
[Round "2.41"]
[White "Harsha, Bharathakoti"]
[Black "Wafa, Shrook"]
[Result "0-1"]
[BlackTitle "WGM"]
[WhiteElo "2362"]
[BlackElo "2115"]
[WhiteFideId "5078776"]
[BlackFideId "10609970"]
[EventDate "2015.12.23"]

1. d4 Nf6 2. c4 e6 3. g3 Bb4+ 4. Bd2 Qe7 5. Nf3 Nc6 6. Nc3 Bxc3 7. Bxc3 Ne4 8.
Rc1 Nxc3 9. Rxc3 O-O 10. Bg2 d6 11. O-O a5 12. d5 Nb8 13. dxe6 fxe6 14. Nd4 e5
15. Nc2 Na6 16. Ne3 Nc5 17. Nd5 Qd8 18. b3 Be6 19. a3 c6 20. Ne3 Qd7 21. b4 axb4
22. axb4 Na4 23. Rc2 Nb6 24. c5 dxc5 25. Rxc5 Qd4 26. Nc2 Qxd1 27. Rxd1 Ra2 28.
b5 Bb3 29. bxc6 Rxc2 30. Rb5 Ba4 31. Rxb6 bxc6 32. Rb7 Rxe2 33. Rdd7 Re1+ 34.
Bf1 Bc2 35. Rd2 Bf5 36. Kg2 Be4+ 37. Kg1 Bd5 38. Rdb2 Ra8 39. Rb8+ Rxb8 40.
Rxb8+ Kf7 41. Rb4 c5 42. Ra4 c4 43. f3 c3 44. Ra7+ Kf6 45. Rc7 Rc1 46. Kf2 Bxf3
47. Bd3 e4 48. Bc4 Rc2+ 49. Ke3 Rxh2 50. Bb3 Rg2 51. Rc6+ Kg5 52. Rxc3 Rxg3 53.
Kd4 h5 54. Ke5 h4 55. Rc7 g6 0-1

[Event "4th Al Ain Chess Classic"]
[Site "Al-Ain UAE"]
[Date "2015.12.24"]
[Round "2.42"]
[White "Arjun Kalyan"]
[Black "Bashirli, Nail"]
[Result "1-0"]
[BlackTitle "FM"]
[WhiteElo "2107"]
[BlackElo "2338"]
[WhiteFideId "35018701"]
[BlackFideId "13406809"]
[EventDate "2015.12.23"]

1. e4 c5 2. Nf3 d6 3. d4 cxd4 4. Nxd4 Nf6 5. Nc3 a6 6. Be3 e5 7. Nb3 Be6 8. f3
Be7 9. Qd2 Nbd7 10. O-O-O O-O 11. g4 Qc7 12. Kb1 Rac8 13. g5 Nh5 14. Nd5 Bxd5
15. exd5 Nb6 16. Rg1 Nc4 17. Bxc4 Qxc4 18. Rg4 Qc7 19. h4 f5 20. Rb4 b5 21. a4
Rb8 22. axb5 axb5 23. Qd3 g6 24. f4 Rfc8 25. c3 Rd8 26. Kc2 Bf8 27. Ra1 exf4 28.
Bf2 Qe7 29. Nd4 Re8 30. Re1 Qf7 31. Rxe8 Qxe8 32. Ne6 Bg7 33. Bd4 Rb7 34. Bxg7
Nxg7 35. Nxf4 Kf7 36. Qd4 Qe7 37. c4 bxc4 38. Rxb7 Qxb7 39. Qxc4 Qa7 40. b4 Qa4+
41. Kb2 Ne8 42. Ne6 Ke7 43. Nd4 Qd1 44. b5 Qd2+ 45. Ka3 Qa5+ 46. Kb3 Qe1 47. Qd3
Kd7 48. Qc2 Qe3+ 49. Kc4 Qa3 50. Qb3 Qc1+ 51. Kd3 Qf1+ 52. Kc3 Qa1+ 53. Kd3 Qf1+
54. Kc3 Qe1+ 55. Kb2 Qf2+ 56. Nc2 Kc7 57. Qa4 Qb6 58. Nd4 Kb7 59. Ne6 Nc7 60.
Nxc7 Kxc7 61. Qc4+ Qc5 62. Qxc5+ dxc5 63. Kc3 Kd6 64. b6 Kd7 65. Kd3 Kd6 66. Kc4
f4 67. Kd3 Kd7 68. Ke4 Kc8 69. d6 1-0

[Event "4th Al Ain Chess Classic"]
[Site "Al-Ain UAE"]
[Date "2015.12.24"]
[Round "2.43"]
[White "Zozulia, Anna"]
[Black "San Juan, Dennis"]
[Result "1/2-1/2"]
[WhiteTitle "IM"]
[WhiteElo "2335"]
[BlackElo "2101"]
[WhiteFideId "14102110"]
[BlackFideId "5207533"]
[EventDate "2015.12.23"]

1. e4 e5 2. Nf3 Nc6 3. Bb5 a6 4. Ba4 Nf6 5. O-O b5 6. Bb3 Bc5 7. c3 d6 8. d4 Bb6
9. dxe5 dxe5 10. Qxd8+ Nxd8 11. Bg5 Ne6 12. Bh4 Bb7 13. Nbd2 Nd7 14. Rad1 O-O
15. Bxe6 fxe6 16. Bg3 Nc5 17. Bxe5 Rad8 18. Nd4 Nd3 19. N2f3 Nxe5 20. Nxe5 Bxe4
21. Rfe1 Bd5 22. a3 Rd6 23. Rd2 Bb7 24. Red1 Rfd8 25. Kf1 Rd5 26. Nef3 Kf7 27.
Ke2 c5 28. Nb3 Rxd2+ 29. Nbxd2 Bd5 30. Ne5+ Kf6 31. Ng4+ Ke7 32. Ne3 Bb7 33. Nf3
Rxd1 34. Nxd1 Bc7 35. g3 Kf6 36. Ne3 h5 37. h4 Bd6 38. Ng5 Be7 39. Nf1 b4 40.
axb4 cxb4 41. cxb4 Bxb4 42. Nd2 a5 43. Nde4+ Ke5 44. Ke3 Kf5 45. f3 Bd5 46. Nf7
a4 47. Nfd6+ Kg6 48. Kf4 Ba5 49. Ke3 Bc7 50. f4 Ba5 51. Kd4 Bb4 52. Ke5 Bb3 53.
Ng5 Be1 54. Nde4 Bd5 55. Nxe6 Bxe4 56. Kxe4 Bxg3 57. Nc5 Bxh4 58. Nxa4 Be1 59.
Nc5 h4 60. Nd3 Ba5 61. b4 Bb6 62. Ne5+ Kh5 63. Nd7 Bc7 64. b5 g5 65. fxg5 Kxg5 1/2-1/2

[Event "4th Al Ain Chess Classic"]
[Site "Al-Ain UAE"]
[Date "2015.12.24"]
[Round "2.44"]
[White "Mammadov, Gulam"]
[Black "Arvola, Benjamin"]
[Result "0-1"]
[BlackTitle "FM"]
[WhiteElo "2086"]
[BlackElo "2328"]
[WhiteFideId "13404040"]
[BlackFideId "1506536"]
[EventDate "2015.12.23"]

1. Nf3 Nf6 2. g3 b5 3. d3 Bb7 4. e4 e6 5. Bg2 Be7 6. O-O O-O 7. Re1 d5 8. e5
Nfd7 9. Nbd2 c5 10. Nf1 Nc6 11. h4 Qb6 12. h5 Nd4 13. Nxd4 cxd4 14. h6 g6 15.
Bf4 Rfc8 16. Nh2 Rc6 17. Nf3 Rac8 18. Rc1 a5 19. Bg5 Bf8 20. Re2 Ba6 21. Qd2 b4
22. Ree1 a4 23. b3 a3 24. Bh4 Rc3 25. Qf4 Qc7 26. Kh2 Nc5 27. Bg5 Bxd3 28. Nxd4
Bxc2 29. Nb5 Nd3 30. Qh4 Qb6 31. Nxc3 Nxe1 32. Nxd5 Qxf2 33. Nf6+ Kh8 34. Rxe1
Qxe1 35. Nd7 Qe2 36. Nxf8 Qh5 37. Qxh5 gxh5 38. Bf6+ Kg8 39. Nd7 Rc7 40. Nb8
Bxb3 41. Na6 Rc4 42. Bf1 Rc2+ 43. Kh3 Bc4 44. Bxc4 Rxc4 45. Nxb4 Rxb4 46. Be7
Rb3 47. Bc5 Rc3 48. Bb4 Re3 49. Bd6 Rd3 50. Be7 f6 51. exf6 Kf7 52. Kh4 Kg6 53.
Kh3 e5 0-1

[Event "4th Al Ain Chess Classic"]
[Site "Al-Ain UAE"]
[Date "2015.12.24"]
[Round "2.45"]
[White "Kulkarni, Bhakti"]
[Black "Algildah, Khalid"]
[Result "1-0"]
[WhiteTitle "CM"]
[BlackTitle "FM"]
[WhiteElo "2328"]
[BlackElo "2086"]
[WhiteFideId "5019516"]
[BlackFideId "7600828"]
[EventDate "2015.12.23"]

1. d4 c5 2. d5 e5 3. e4 d6 4. Nc3 Be7 5. Nf3 Bg4 6. h3 Bxf3 7. Qxf3 a6 8. Qg4 g6
9. a4 b6 10. Bd3 Nf6 11. Qf3 Nh5 12. g4 Nf4 13. Bxf4 exf4 14. e5 Nd7 15. e6 Ne5
16. exf7+ Kd7 17. Qe4 Rf8 18. Ne2 Rxf7 19. Nxf4 Bg5 20. Ne6 Qf6 21. f4 Bxf4 22.
O-O g5 23. Qe2 Qh6 24. Ra3 Ke7 25. Bxa6 Qh4 26. a5 bxa5 27. Qb5 Rxa6 28. Qxa6
Nxg4 29. Nxf4 gxf4 30. hxg4 Qxg4+ 31. Kf2 f3 32. Re3+ Kf8 33. Qxd6+ Kg7 34. Rg1 1-0

[Event "4th Al Ain Chess Classic"]
[Site "Al-Ain UAE"]
[Date "2015.12.24"]
[Round "2.46"]
[White "Sameir, Ramez"]
[Black "Morchiashvili, Bachana"]
[Result "0-1"]
[BlackTitle "IM"]
[WhiteElo "2080"]
[BlackElo "2326"]
[WhiteFideId "10606017"]
[BlackFideId "13602535"]
[EventDate "2015.12.23"]

1. e4 c5 2. Nc3 Nc6 3. f4 e6 4. Nf3 a6 5. g3 d5 6. Qe2 Nd4 7. Nxd4 cxd4 8. Nd1
dxe4 9. Qxe4 Nf6 10. Qe2 Qc7 11. d3 Bd7 12. Bg2 Rc8 13. O-O Bc6 14. Bxc6+ Qxc6
15. f5 Bb4 16. c3 dxc3 17. bxc3 Bc5+ 18. d4 Be7 19. Rb1 O-O 20. fxe6 fxe6 21.
Re1 Kh8 22. Qxe6 Bd6 23. Bd2 Rce8 24. Qb3 Ne4 25. Be3 Ng5 26. d5 Nf3+ 27. Kh1
Qc8 28. Re2 Qh3 29. Rg2 Nxh2 30. Rxh2 Rf1+ 31. Bg1 Rxg1+ 0-1

[Event "4th Al Ain Chess Classic"]
[Site "Al-Ain UAE"]
[Date "2015.12.24"]
[Round "2.47"]
[White "Mammadova, Gulnar"]
[Black "Abucejo, Armel N"]
[Result "1-0"]
[WhiteTitle "WGM"]
[WhiteElo "2323"]
[BlackElo "2032"]
[WhiteFideId "13403508"]
[BlackFideId "5213266"]
[EventDate "2015.12.23"]

1. e4 d5 2. exd5 Nf6 3. d4 Bg4 4. f3 Bf5 5. Bb5+ Nbd7 6. c4 e6 7. Nc3 exd5 8.
cxd5 Bb4 9. Bg5 Qe7+ 10. Ne2 O-O-O 11. O-O h6 12. Bf4 g5 13. Ng3 gxf4 14. Nxf5
Qf8 15. Qc1 Bxc3 16. bxc3 Nxd5 17. c4 Ne3 18. Nxe3 fxe3 19. Qxe3 c6 20. Ba4 Nb6
21. Bb3 Rg8 22. Rad1 Qg7 23. Rf2 Rge8 24. Qf4 Rd7 25. d5 c5 26. Bc2 Rde7 27.
Bf5+ Nd7 28. Qd2 b6 29. g3 Kd8 30. d6 Re5 31. Bh3 Nb8 32. d7 R8e6 33. Bxe6 Rxe6
34. f4 Qf6 35. f5 Re7 36. Qf4 Re5 37. Rfd2 Qg7 38. Qf3 1-0

[Event "4th Al Ain Chess Classic"]
[Site "Al-Ain UAE"]
[Date "2015.12.24"]
[Round "2.48"]
[White "Elmejbri, Ali A."]
[Black "Asadli, Vugar"]
[Result "0-1"]
[WhiteTitle "FM"]
[BlackTitle "FM"]
[WhiteElo "2031"]
[BlackElo "2323"]
[WhiteFideId "9200398"]
[BlackFideId "13405764"]
[EventDate "2015.12.23"]

1. d4 g6 2. Nf3 Bg7 3. e3 d6 4. b3 Nf6 5. Bd3 O-O 6. Bb2 Re8 7. Nbd2 Nbd7 8. e4
Nh5 9. Nc4 Nf4 10. O-O b6 11. Rb1 c6 12. Ne3 Nf6 13. Re1 Ng4 14. h3 Nxe3 15.
Rxe3 e5 16. dxe5 dxe5 17. Bc4 Qe7 18. b4 b5 19. Bb3 a5 20. bxa5 Rxa5 21. Qd2 Ra7
22. c4 b4 23. Ree1 Rd7 24. Qc2 Nd3 25. Red1 Red8 26. Bc1 c5 27. Be3 Bb7 28. Nd2
f5 29. exf5 gxf5 30. Nf3 f4 31. Bd2 e4 32. Ne1 Bd4 33. Nxd3 exd3 34. Qc1 Qe4 0-1

[Event "4th Al Ain Chess Classic"]
[Site "Al-Ain UAE"]
[Date "2015.12.24"]
[Round "2.49"]
[White "Gadimbayli, Abdulla"]
[Black "Guliyev, Gasan"]
[Result "0-1"]
[WhiteTitle "FM"]
[WhiteElo "2320"]
[BlackElo "2019"]
[WhiteFideId "13404938"]
[BlackFideId "13404407"]
[EventDate "2015.12.23"]

1. e4 e6 2. d4 d5 3. Nd2 Nf6 4. e5 Nfd7 5. Bd3 c5 6. c3 Nc6 7. Ne2 Qb6 8. Nf3
cxd4 9. cxd4 f6 10. exf6 Nxf6 11. O-O Bd6 12. Ng3 O-O 13. Re1 Kh8 14. Bc2 Bd7
15. Bg5 Rae8 16. Bxf6 gxf6 17. a3 Rf7 18. Qd2 Rg8 19. Kh1 Rg4 20. h3 Rxd4 21.
Nxd4 Qxd4 22. Qe2 f5 23. Rad1 Qh4 24. Bxf5 Nd4 25. Rxd4 Qxd4 26. Rd1 Qf6 27. Bg4
Qxf2 28. Qxf2 Rxf2 29. Ne4 dxe4 30. Rxd6 Bc6 31. Rxe6 Rxb2 32. Kg1 Ra2 33. Re7
Rxa3 34. Bf5 e3 35. h4 Ra1+ 36. Kh2 Ra2 37. Rxe3 Rxg2+ 38. Kh3 Rg7 39. Rd3 Re7
40. Rg3 0-1

[Event "4th Al Ain Chess Classic"]
[Site "Al-Ain UAE"]
[Date "2015.12.24"]
[Round "2.50"]
[White "Aradhya, Garg"]
[Black "Parnali, S Dharia"]
[Result "1-0"]
[BlackTitle "WIM"]
[WhiteElo "2316"]
[BlackElo "2002"]
[WhiteFideId "25006746"]
[BlackFideId "5043131"]
[EventDate "2015.12.23"]

1. d4 Nf6 2. c4 e6 3. Nf3 b6 4. a3 Bb7 5. Nc3 Be7 6. d5 exd5 7. cxd5 O-O 8. e4
Re8 9. Bd3 Na6 10. O-O Nc5 11. Bc2 d6 12. Re1 c6 13. b4 Ncd7 14. dxc6 Bxc6 15.
Nd4 Bb7 16. Nf5 Ne5 17. Re3 Bf8 18. Rg3 Ng6 19. Bb2 d5 20. exd5 Nxd5 21. Ne4 Rc8
22. h4 h5 23. Rc1 Ndf4 24. Nh6+ gxh6 25. Nf6+ Qxf6 26. Bxf6 Ne2+ 27. Kh2 Nxg3
28. Bxg6 fxg6 29. Qb3+ 1-0

[Event "4th Al Ain Chess Classic"]
[Site "Al-Ain UAE"]
[Date "2015.12.24"]
[Round "2.51"]
[White "Pirverdiyev, Agil"]
[Black "Abtini, Hasan"]
[Result "1-0"]
[WhiteElo "2311"]
[BlackElo "1992"]
[WhiteFideId "13400568"]
[BlackFideId "7601506"]
[EventDate "2015.12.23"]

1. g3 d5 2. Bg2 Nf6 3. Nf3 c6 4. O-O Bg4 5. c4 e6 6. d4 Nbd7 7. cxd5 exd5 8. Ne5
Bf5 9. Nc3 Bd6 10. Bf4 Qe7 11. Qb3 Nxe5 12. Bxe5 Bxe5 13. dxe5 Qxe5 14. Qxb7 O-O
15. Qxc6 Rac8 16. Qb5 Rb8 17. Qa5 Rxb2 18. Rad1 Rc2 19. Nxd5 Rxe2 20. Bf3 Bh3
21. Bxe2 Nxd5 22. Rfe1 Be6 23. Bf3 Qc3 24. Rxd5 Qxf3 25. Rd8 g6 26. Rxf8+ Kxf8
27. Qd8+ Kg7 28. Qd4+ Qf6 29. Qxa7 Bd5 30. Qa3 h5 31. Rd1 Bf3 32. Rc1 Qf5 33.
Qc5 Qe4 34. Qc3+ Kh7 35. Re1 Qf5 36. a4 h4 37. a5 Bb7 38. f3 hxg3 39. hxg3 Qh3
40. Qc7 Bd5 41. a6 Qf5 42. Qf4 Qc8 43. Qh4+ Kg8 44. Rd1 Qa8 45. Qd4 1-0

[Event "4th Al Ain Chess Classic"]
[Site "Al-Ain UAE"]
[Date "2015.12.24"]
[Round "2.52"]
[White "Nitish, Belurkar"]
[Black "Afshar, Niusha"]
[Result "1/2-1/2"]
[WhiteTitle "CM"]
[WhiteElo "2304"]
[BlackElo "1961"]
[WhiteFideId "5084768"]
[BlackFideId "12509892"]
[EventDate "2015.12.23"]

1. e4 c5 2. c3 d5 3. exd5 Qxd5 4. d4 cxd4 5. cxd4 e5 6. Nc3 Qxd4 7. Qxd4 exd4 8.
Nb5 Na6 9. Nxd4 Nc7 10. Ngf3 Nf6 11. Bc4 Bb4+ 12. Ke2 O-O 13. Rd1 Bg4 14. h3
Rfe8+ 15. Kf1 Bh5 16. a3 Bc5 17. g4 Bg6 18. Bf4 Ncd5 19. Bg3 Nb6 20. Bb5 Red8
21. Rac1 Bxd4 22. Nxd4 Rdc8 23. f3 a6 24. Be2 Na4 25. Rxc8+ Rxc8 26. b3 Nb6 27.
Be1 Nfd5 28. Bd2 h6 29. Kf2 Nc3 30. Bxc3 Rxc3 31. Ke1 Rc7 32. h4 Rd7 33. h5 Bh7
34. Kf2 Kf8 35. a4 Ke8 36. a5 Nd5 37. Bc4 Nc3 38. Re1+ Kd8 39. Rc1 Rxd4 40. Rxc3
Rd7 41. Kg3 Rc7 42. Rc1 Rd7 43. Kf4 Bd3 44. Ke5 Re7+ 45. Kd4 Bxc4 46. Rxc4 Kd7
47. Kd5 Re6 48. Rd4 Rd6+ 49. Kc5 Rxd4 50. Kxd4 Kd6 51. f4 f6 52. b4 Kc6 53. Kc4
b5+ 54. Kd4 Kd6 1/2-1/2

[Event "4th Al Ain Chess Classic"]
[Site "Al-Ain UAE"]
[Date "2015.12.24"]
[Round "2.53"]
[White "Ahmed, Fareed"]
[Black "Kurbonboeva, Sarvinoz"]
[Result "1-0"]
[WhiteTitle "FM"]
[BlackTitle "WIM"]
[WhiteElo "1970"]
[BlackElo "2295"]
[WhiteFideId "9303677"]
[BlackFideId "14201780"]
[EventDate "2015.12.23"]

1. e4 c5 2. Nf3 g6 3. d4 cxd4 4. Nxd4 Nf6 5. Nc3 Nc6 6. Bc4 d6 7. Nxc6 bxc6 8.
e5 Nd7 9. exd6 exd6 10. O-O Be7 11. Bf4 Nb6 12. Bd3 O-O 13. Re1 Be6 14. Qf3 d5
15. Re2 Nd7 16. Rae1 Bf6 17. g3 Bg7 18. h4 Nc5 19. Be5 Nxd3 20. cxd3 Qd7 21.
Bxg7 Kxg7 22. Qf4 Rae8 23. h5 f6 24. h6+ Kf7 25. Na4 Bf5 26. Nc5 Qc8 27. Qd6
Rxe2 28. Rxe2 Re8 29. Rxe8 Qxe8 30. Qc7+ Qe7 31. Qxc6 Qe1+ 32. Kg2 g5 33. Qxd5+
Kg6 34. Ne4 Bh3+ 35. Kh2 Bf5 36. Qg8+ Kxh6 37. Qf8+ Kh5 38. Qf7+ Kh6 39. Qxf6+
Bg6 40. Qf8+ 1-0

[Event "4th Al Ain Chess Classic"]
[Site "Al-Ain UAE"]
[Date "2015.12.24"]
[Round "2.54"]
[White "Hojjatova, Aydan"]
[Black "Soyunlu, Narmin"]
[Result "1-0"]
[WhiteTitle "WFM"]
[WhiteElo "2288"]
[BlackElo "1919"]
[WhiteFideId "13401491"]
[BlackFideId "13400843"]
[EventDate "2015.12.23"]

1. e4 e6 2. d4 d5 3. Nd2 Nf6 4. e5 Nfd7 5. Bd3 c5 6. c3 Nc6 7. Ne2 cxd4 8. cxd4
f6 9. exf6 Nxf6 10. Nf3 Bd6 11. O-O Qc7 12. Nc3 a6 13. Re1 O-O 14. h3 Bd7 15.
Bd2 Rae8 16. Rc1 b5 17. Ne5 Qb7 18. Nf3 Re7 19. Bg5 Be8 20. a4 b4 21. Ne2 Bh5
22. g4 Be8 23. Ng3 h6 24. Be3 Qb8 25. Kg2 a5 26. b3 Bf4 27. Rc5 Bd6 28. Rc2 Bd7
29. Qc1 e5 30. dxe5 Nxe5 31. Nxe5 Rxe5 32. Rd1 Ree8 33. Bg6 Rc8 34. Nf5 Rxc2 35.
Qxc2 Be5 36. Ne7+ Kh8 37. Bf5 Bxf5 38. Qxf5 Rd8 39. Ng6+ 1-0

[Event "4th Al Ain Chess Classic"]
[Site "Al-Ain UAE"]
[Date "2015.12.24"]
[Round "2.55"]
[White "Safranska, Anda"]
[Black "Musallam Salim Al Aamri"]
[Result "1-0"]
[WhiteTitle "WGM"]
[WhiteElo "2259"]
[BlackElo "1888"]
[WhiteFideId "11600209"]
[BlackFideId "22000399"]
[EventDate "2015.12.23"]

1. e4 e5 2. Nf3 Nc6 3. Bb5 a6 4. Ba4 Nf6 5. d3 b5 6. Bb3 Be7 7. c3 d6 8. Nbd2
O-O 9. Nf1 Be6 10. Ng3 Qd7 11. O-O Na5 12. Bc2 c5 13. Ng5 d5 14. Nxe6 fxe6 15.
d4 exd4 16. e5 dxc3 17. exf6 cxb2 18. Bxb2 Bxf6 19. Bxf6 Rxf6 20. Qd3 g6 21. Qc3
Qd8 22. Rad1 c4 23. Rfe1 Nc6 24. Ne4 Rf7 25. Qg3 e5 26. Ng5 Rf6 27. Qh3 Ra7 28.
Ne4 Nd4 29. Nxf6+ Qxf6 30. Bb1 Rc7 31. Qe3 c3 32. Qxe5 Qxe5 33. Rxe5 c2 34. Bxc2
Rxc2 35. Kf1 Nc6 36. Rexd5 Kg7 37. R5d2 Rc4 38. Rd7+ Kh6 39. Rc7 a5 40. g4 b4
41. Rd5 a4 42. Rb5 1-0

[Event "4th Al Ain Chess Classic"]
[Site "Al-Ain UAE"]
[Date "2015.12.24"]
[Round "2.56"]
[White "Asgarova, Turan"]
[Black "Abdulla, Khayala"]
[Result "0-1"]
[BlackTitle "WGM"]
[WhiteElo "1935"]
[BlackElo "2256"]
[WhiteFideId "13403451"]
[BlackFideId "13401807"]
[EventDate "2015.12.23"]

1. e4 c5 2. Nf3 e6 3. d4 cxd4 4. Nxd4 Nc6 5. Nc3 Qc7 6. Be2 Nf6 7. O-O a6 8. Be3
Bb4 9. Bd3 Ne5 10. Nde2 b5 11. a3 Bc5 12. Bxc5 Qxc5 13. h3 Bb7 14. Nf4 O-O 15.
Qd2 Rad8 16. Rad1 Ng6 17. Nxg6 fxg6 18. Qe2 Nh5 19. Qe3 Qe5 20. Rfe1 Bc6 21. Bf1
Rf7 22. Rd2 Rdf8 23. Nd1 Rf4 24. Qc3 Qg5 25. Qe3 Qe7 26. Nc3 g5 27. e5 g4 28.
hxg4 Rxg4 29. Rd4 Rxd4 30. Qxd4 Rf4 31. Qd3 Qh4 32. Qe3 Rg4 33. f3 Rg6 34. Ne4
Nf4 35. Nf2 Nxg2 36. Bxg2 Qg3 37. Ng4 Rxg4 38. Qf2 Qxf3 0-1

[Event "4th Al Ain Chess Classic"]
[Site "Al-Ain UAE"]
[Date "2015.12.24"]
[Round "2.57"]
[White "Ismael, Namir Mohammed Ismael"]
[Black "Wettasinha, Vasanta"]
[Result "1-0"]
[WhiteTitle "CM"]
[WhiteElo "2254"]
[BlackElo "1858"]
[WhiteFideId "4800800"]
[BlackFideId "9904433"]
[EventDate "2015.12.23"]

1. d4 Nf6 2. Nf3 c5 3. e3 g6 4. dxc5 Qa5+ 5. Nbd2 Bg7 6. a3 Qxc5 7. b4 Qc7 8.
Bb2 d6 9. Be2 O-O 10. c4 b6 11. O-O Bb7 12. Rc1 Nbd7 13. Qb3 Rac8 14. Rfd1 Qb8
15. Nd4 d5 16. cxd5 Bxd5 17. Qa4 Qa8 18. N2f3 e5 19. Nb5 a6 20. Nc7 b5 21. Qxa6
Qxa6 22. Nxa6 Bb3 23. Re1 Bc4 24. Bxc4 bxc4 25. Nxe5 c3 26. Rxc3 Rxc3 27. Bxc3
Ra8 28. Nxd7 Nxd7 29. Bxg7 Kxg7 30. b5 1-0